000 01349nam a2200373 i 4500
001 11915
003 KOSZ 005
005 20190801102734.0
008 190622s1969 pl a f 001 0 pol
015 _aPB 1969/9796
040 _aWA N
_cWA N
_dKOSZ 005/RW
_dKOSZ 005/HR
041 1 _apol
_hrus
046 _k1969
080 _a658.1/.5:66/69
100 1 _aSlezinger, Grigorij Emmanuilovič.
_eAutor
245 1 0 _aZarządzanie w przedsiębiorstwie przemysłowym /
_cG. E. Slezinger ; tłumaczenie Tadeusz Cynkin.
246 1 _iTytuł oryginału:
_aTrud v upravlenij promyšlennym proizvodstvom
260 _aWarszawa :
_bWydawnictwa Naukowo-Techniczne,
_c1969.
300 _a217, [3] stron :
_bilustracje ;
_c21 cm.
336 _aTekst
_btxt
_2rdacontent
337 _aBez urządzenia pośredniczącego
_bn
_2rdamedia
338 _aWolumin
_bnc
_2rdacarrier
380 _aKsiążki.
388 _a1901-2000
504 _aIndeks.
658 _aZarządzanie i marketing
650 4 _aPrzedsiębiorstwo
650 4 _aZarządzanie
650 4 _aPrzemysł
700 1 _aCynkin, Tadeusz
_d(1920- ).
_eTłumaczenie
710 2 _aWydawnictwa Naukowo-Techniczne
_4pbl.
856 _uhttp://koha.tu.koszalin.pl/cgi-bin/koha/opac-detail.pl?biblionumber=11915
_yKatalog online BPK
942 _2UKD
_cKS
999 _c11915
_d11915